000 00321nam a22001457a 4500
008 230324b ||||| |||| 00| 0 eng d
020 _a9780684827902
041 _aeng
080 _a94
082 _a94STR
100 _a28
101 _aHISTORI
245 _aTHE LANDMARK THUCYDIDES
_cSTRASSLER.B.R
942 _2udc
_cBK
999 _c59433
_d59433